000 00270nam a22001097a 4500
008 170119b xxu||||| |||| 00| 0 eng d
020 _a9780815185130
041 _aeng
080 _24TH
_a618.2
245 _aCOMMUNITY HEALTH NURSING
_cSTANHOPE & LANCASTER
942 _2udc
_cBK
999 _c3189
_d3189